[Event "Xtracon Skakligaen"]
[Site "Denmark"]
[Date "2017.03.18"]
[Round "8.2"]
[White "Matthiesen, Martin"]
[Black "Jepson, Christian"]
[Result "1/2-1/2"]
[WhiteElo "2317"]
[BlackElo "2430"]
[PlyCount "188"]
[EventDate "2016.10.29"]
[EventType "team-tourn"]
[EventRounds "9"]
[EventCountry "DEN"]
[WhiteTeam "SK 68 1"]
[BlackTeam "Nordkalotten 1"]
[WhiteTeamCountry "DEN"]
[BlackTeamCountry "DEN"]

1. d4 Nf6 2. c4 e6 3. Nf3 d5 4. Nc3 Nbd7 5. cxd5 exd5 6. Bg5 Be7 7. e3 c6 8.
Qc2 Nh5 9. Bxe7 Qxe7 10. O-O-O Nb6 11. h3 g6 12. Bd3 Be6 13. Kb1 Ng7 14. g4
O-O-O 15. Rc1 Kb8 16. Na4 Nxa4 17. Qxa4 Ne8 18. Rc3 Nd6 19. Ra3 Nc8 20. Rc1 Rd6
21. Qb4 Rd7 22. Qa4 Rc7 23. Rac3 f6 24. Nd2 g5 25. Ra3 h5 26. Be2 hxg4 27. hxg4
Rh2 28. Rf1 Qh7+ 29. Ka1 Rh1 30. Qd1 Rxf1 31. Nxf1 Nd6 32. Ng3 Qh2 33. Qe1 Ne4
34. Nxe4 dxe4 35. Rc3 Rh7 36. Rc1 Qd6 37. Qg1 Rh4 38. a3 Qd7 39. Qg3+ Kc8 40.
f4 exf3 41. Bxf3 Qc7 42. Qg2 Rh2 43. Qg1 Kb8 44. Be4 Re2 45. Rc2 Rxc2 46. Bxc2
c5 47. dxc5 Qxc5 48. Qh2+ Kc8 49. Qh8+ Kd7 50. Bb1 Bxg4 51. Qxf6 Be6 52. Qg7+
Kc8 53. e4 g4 54. e5 b5 55. Qf6 Kd7 56. Bf5 Qg1+ 57. Bb1 g3 58. Qg7+ Kc8 59.
Qf8+ Kb7 60. Qe7+ Kb8 61. Qd6+ Kb7 62. Qxe6 g2 63. Qd7+ Kb6 64. Qd6+ Kb7 65.
Ka2 Qxb1+ 66. Kxb1 g1=Q+ 67. Ka2 Qf1 68. Qd5+ Kc7 69. Qc5+ Kb7 70. e6 Qe2 71.
Qd5+ Kb6 72. Qd4+ Kb7 73. Qd7+ Kb6 74. Qd8+ Kb7 75. Qe7+ Kb6 76. Qf6 Qc4+ 77.
Kb1 Qe4+ 78. Kc1 Kc6 79. Kd2 Kd6 80. Qd8+ Kxe6 81. Qe8+ Kf5 82. Qxb5+ Kf4 83.
Qb8+ Kf3 84. Qf8+ Kg2 85. Qg7+ Kf3 86. Qf7+ Kg2 87. Qxa7 Qd5+ 88. Kc3 Qc6+ 89.
Kb4 Qe4+ 90. Ka5 Qd5+ 91. Ka4 Qc6+ 92. Kb4 Qe4+ 93. Ka5 Qd5+ 94. Kb4 Qe4+
1/2-1/2

[Event "Xtracon Skakligaen"]
[Site "Denmark"]
[Date "2017.03.18"]
[Round "8.6"]
[White "Rewitz, Poul"]
[Black "Hove, Esben Kjems"]
[Result "0-1"]
[WhiteElo "2215"]
[BlackElo "2267"]
[PlyCount "110"]
[EventDate "2016.10.29"]
[EventType "team-tourn"]
[EventRounds "9"]
[EventCountry "DEN"]
[WhiteTeam "SK 68 1"]
[BlackTeam "Nordkalotten 1"]
[WhiteTeamCountry "DEN"]
[BlackTeamCountry "DEN"]

1. g3 e5 2. Bg2 Nf6 3. c3 d5 4. d4 e4 5. f3 exf3 6. Nxf3 Be7 7. O-O O-O 8. Nbd2
c5 9. dxc5 Bxc5+ 10. Nd4 Bb6 11. N2b3 Ne4 12. Qd3 f5 13. Be3 Nc6 14. Nc2 Ne5
15. Qb5 Nc4 16. Bxb6 Qxb6+ 17. Qxb6 axb6 18. Nb4 Rd8 19. Nd4 g6 20. b3 Ne3 21.
Rf3 Nxg2 22. Kxg2 Ra5 23. Rd1 Rc5 24. Rc1 Bd7 25. a4 Rdc8 26. Na2 Ra8 27. Rd3
Kf7 28. e3 b5 29. b4 Rcc8 30. a5 b6 31. Nb3 Be6 32. Rc2 d4 33. Nxd4 Bc4 34. Rd1
bxa5 35. bxa5 Bxa2 36. Rxa2 Nxc3 37. Nxb5 Nxb5 38. Rd7+ Kg8 39. Kf3 Rc7 40.
Rxc7 Nxc7 41. g4 fxg4+ 42. Kxg4 Ra6 43. Kf4 Nd5+ 44. Ke5 Nb4 45. Rd2 Rxa5+ 46.
Kd6 Kf7 47. e4 Ra2 48. Rd4 Nc2 49. Rd2 Ra6+ 50. Kd7 Ra7+ 51. Kd6 Ne3 52. Rf2+
Ke8 53. h3 Rd7+ 54. Kc5 Ke7 55. Rf3 Nc2 0-1

[Event "Xtracon Skakligaen"]
[Site "Denmark"]
[Date "2017.03.18"]
[Round "8.8"]
[White "Dreisler, Tobias"]
[Black "Ejsing, Esben"]
[Result "1/2-1/2"]
[WhiteElo "2118"]
[BlackElo "2203"]
[PlyCount "102"]
[EventDate "2016.10.29"]
[EventType "team-tourn"]
[EventRounds "9"]
[EventCountry "DEN"]
[WhiteTeam "SK 68 1"]
[BlackTeam "Nordkalotten 1"]
[WhiteTeamCountry "DEN"]
[BlackTeamCountry "DEN"]

1. e4 c5 2. Nf3 e6 3. d4 cxd4 4. Nxd4 Nc6 5. Nc3 Qc7 6. Be3 a6 7. Be2 Nf6 8. f4
Bb4 9. Bf3 d5 10. exd5 Nxd5 11. Bxd5 exd5 12. Qf3 Bxc3+ 13. bxc3 Ne7 14. Bd2
O-O 15. O-O Qc5 16. Kh1 Nf5 17. Rad1 Nxd4 18. cxd4 Qxc2 19. f5 Qe4 20. Rde1
Qxf3 21. Rxf3 Bd7 22. Re7 Rad8 23. f6 Rfe8 24. Bb4 Be6 25. Rxb7 Rb8 26. Rxb8
Rxb8 27. Rb3 gxf6 28. Bc5 Rxb3 29. axb3 Kg7 30. g3 Kg6 31. Kg2 Bg4 32. Kf2 Kf5
33. Be7 Ke4 34. Bc5 f5 35. b4 f4 36. Bb6 Bd1 37. Bc5 f3 38. Bb6 Kd3 39. Bc5 h5
40. Bb6 Be2 41. h4 Ke4 42. Bc5 f5 43. Bb6 Kd3 44. Bc5 Ke4 45. Bb6 f4 46. gxf4
Kxf4 47. Bc7+ Ke4 48. Bb6 Kd3 49. Bc5 Bd1 50. Bb6 Kc3 51. Bc5 Be2 1/2-1/2

[Event "Xtracon Skakligaen"]
[Site "Denmark"]
[Date "2017.03.18"]
[Round "8.2"]
[White "Borge, Nikolaj"]
[Black "Bekker Jensen, Simon"]
[Result "1/2-1/2"]
[WhiteElo "2386"]
[BlackElo "2466"]
[PlyCount "71"]
[EventDate "2016.10.29"]
[EventType "team-tourn"]
[EventRounds "9"]
[EventCountry "DEN"]
[WhiteTeam "Hillerod 1"]
[BlackTeam "Philidor 1"]
[WhiteTeamCountry "DEN"]
[BlackTeamCountry "DEN"]

1. e4 c5 2. Nf3 d6 3. Bb5+ Nd7 4. O-O Ngf6 5. Re1 a6 6. Bd3 e6 7. c3 b5 8. a4
c4 9. Bc2 Bb7 10. axb5 axb5 11. Rxa8 Qxa8 12. d3 Be7 13. b4 cxb3 14. Bxb3 O-O
15. Nd4 Rb8 16. Nxb5 Bxe4 17. dxe4 Rxb5 18. Bc2 Ra5 19. Nd2 Rc5 20. Bb2 Qa2 21.
Qa1 Ra5 22. Bb3 Qxa1 23. Rxa1 Rxa1+ 24. Bxa1 Nc5 25. Bc2 Kf8 26. Bb2 Nfd7 27.
Nc4 g6 28. Bc1 f5 29. Bf4 d5 30. exd5 exd5 31. Ne3 Nf6 32. Be5 Ncd7 33. Bxf6
Nxf6 34. Bb3 Bc5 35. Nxd5 Ne4 36. Bc2 1/2-1/2

[Event "Xtracon Skakligaen"]
[Site "Denmark"]
[Date "2017.03.18"]
[Round "8.3"]
[White "Mikkelsen, Nikolaj"]
[Black "Rodgaard, John"]
[Result "1-0"]
[WhiteElo "2463"]
[BlackElo "2320"]
[PlyCount "141"]
[EventDate "2016.10.29"]
[EventType "team-tourn"]
[EventRounds "9"]
[EventCountry "DEN"]
[WhiteTeam "Philidor 1"]
[BlackTeam "Hillerod 1"]
[WhiteTeamCountry "DEN"]
[BlackTeamCountry "DEN"]

1. e4 e6 2. d4 d5 3. Nd2 Nf6 4. e5 Nfd7 5. Bd3 c5 6. c3 Nc6 7. Ne2 cxd4 8. cxd4
f6 9. exf6 Nxf6 10. Nf3 Bd6 11. O-O Qc7 12. Bd2 O-O 13. Rc1 Ng4 14. Ng3 g6 15.
Bb5 Qb6 16. Qe2 e5 17. dxe5 Ngxe5 18. Nxe5 Nd4 19. Qd3 Bxe5 20. Ba4 Rd8 21. Bc3
Bf6 22. Rfd1 Nf5 23. Bb3 Nxg3 24. Qxg3 Bxc3 25. Rxc3 Be6 26. h4 d4 27. Bxe6+
Qxe6 28. Rc7 Rd7 29. Rxd7 Qxd7 30. h5 Rd8 31. hxg6 d3 32. gxh7+ Kh8 33. Qe5+
Kxh7 34. Rd2 Kg6 35. f3 Qc6 36. Qg3+ Kf7 37. Qf4+ Kg6 38. Qg4+ Kf7 39. Qf5+ Ke7
40. Qh7+ Kf8 41. Rxd3 Qc1+ 42. Kh2 Rxd3 43. Qxd3 Qh6+ 44. Kg3 Qg7+ 45. Kf4 Qxb2
46. Qf5+ Kg8 47. Qd5+ Kf8 48. g4 Qb4+ 49. Kf5 a5 50. f4 b5 51. Kg6 Ke7 52. Qf7+
Kd8 53. g5 a4 54. f5 Qe4 55. Kg7 b4 56. g6 b3 57. axb3 a3 58. b4 Qxb4 59. f6
Qb2 60. Qe7+ Kc8 61. Kg8 a2 62. f7 Qb3 63. Qf6 Kb7 64. Kg7 Qb1 65. f8=Q a1=Q
66. Q8e7+ Ka8 67. Qxa1+ Qxa1+ 68. Kg8 Qa6 69. g7 Qg6 70. Qf8+ Kb7 71. Qf7+ 1-0

[Event "Xtracon Skakligaen"]
[Site "Denmark"]
[Date "2017.03.18"]
[Round "8.8"]
[White "Pedersen, Martin Rosenkilde"]
[Black "Andersen, Jan"]
[Result "1/2-1/2"]
[WhiteElo "2121"]
[BlackElo "2222"]
[PlyCount "57"]
[EventDate "2016.10.29"]
[EventType "team-tourn"]
[EventRounds "9"]
[EventCountry "DEN"]
[WhiteTeam "Hillerod 1"]
[BlackTeam "Philidor 1"]
[WhiteTeamCountry "DEN"]
[BlackTeamCountry "DEN"]

1. e4 c5 2. c3 Nf6 3. e5 Nd5 4. g3 Qc7 5. f4 b6 6. Bg2 Bb7 7. Qe2 e6 8. d3 d6
9. Nf3 Nd7 10. O-O Be7 11. a3 b5 12. c4 bxc4 13. dxc4 N5b6 14. exd6 Qxd6 15.
Rd1 Qc7 16. Nc3 O-O 17. b3 Rad8 18. Bb2 Nf6 19. Nb5 Qb8 20. Be5 Qa8 21. Bc7
Rxd1+ 22. Rxd1 a6 23. Nd6 Bxd6 24. Bxd6 Rc8 25. Be5 Nbd7 26. Ba1 Bc6 27. Qd3
Be4 28. Qc3 Bc6 29. Ne1 1/2-1/2

[Event "Xtracon Skakligaen"]
[Site "Denmark"]
[Date "2017.03.18"]
[Round "8.1"]
[White "Andreasen, Henrik"]
[Black "Teplyi, Igor"]
[Result "0-1"]
[WhiteElo "2215"]
[BlackElo "2431"]
[PlyCount "80"]
[EventDate "2016.10.29"]
[EventType "team-tourn"]
[EventRounds "9"]
[EventCountry "DEN"]
[WhiteTeam "K41 1"]
[BlackTeam "Nordre 1"]
[WhiteTeamCountry "DEN"]
[BlackTeamCountry "DEN"]

1. d4 Nf6 2. c4 e6 3. Nc3 Bb4 4. e3 O-O 5. Nge2 d5 6. a3 Be7 7. Nf4 b6 8. Bd3
Bb7 9. O-O dxc4 10. Bxc4 Nbd7 11. Qb3 Bd6 12. Re1 e5 13. Nd3 e4 14. Nf4 a6 15.
a4 c6 16. h3 Qe7 17. Qd1 Rad8 18. Qe2 b5 19. axb5 axb5 20. Bb3 b4 21. Na4 Ra8
22. Bd2 Ra5 23. Rec1 Rfa8 24. Qd1 g6 25. g3 Kg7 26. Kh2 h5 27. Bc4 h4 28. b3
hxg3+ 29. fxg3 Rh8 30. Be2 Rf5 31. Kg2 g5 32. Bg4 Rb5 33. Nh5+ Nxh5 34. Bxh5
Nf6 35. Bg4 Nxg4 36. hxg4 Bxg3 37. Nc5 Rh2+ 38. Kg1 Bb8 39. Be1 Qf6 40. Nxe4
Rh1+ 0-1

[Event "Xtracon Skakligaen"]
[Site "Denmark"]
[Date "2017.03.18"]
[Round "8.4"]
[White "Sloth, Jorn"]
[Black "Kragh, Niels Kristian"]
[Result "1/2-1/2"]
[WhiteElo "2300"]
[BlackElo "2134"]
[PlyCount "83"]
[EventDate "2016.10.29"]
[EventType "team-tourn"]
[EventRounds "9"]
[EventCountry "DEN"]
[WhiteTeam "Nordre 1"]
[BlackTeam "K41 1"]
[WhiteTeamCountry "DEN"]
[BlackTeamCountry "DEN"]

1. c4 e5 2. Nc3 Nf6 3. Nf3 Nc6 4. d3 d5 5. cxd5 Nxd5 6. g3 Be7 7. Bg2 Nb6 8.
Be3 O-O 9. a4 a5 10. Bxb6 cxb6 11. Nd2 Be6 12. O-O Qd4 13. Nb5 Qd7 14. Rc1 Rac8
15. Nc4 Bc5 16. Nxe5 Bxf2+ 17. Rxf2 Nxe5 18. Rc3 Rfd8 19. Rf4 Nc6 20. Qd2 Qe7
21. Qe3 Bd5 22. Qxe7 Nxe7 23. Bh3 Rc5 24. d4 Rc4 25. e4 Rxa4 26. exd5 Nxd5 27.
Rff3 Nxc3 28. bxc3 Ra1+ 29. Bf1 a4 30. c4 Re8 31. Kg2 Ree1 32. d5 a3 33. Nxa3
Rxf1 34. Rxf1 Rxa3 35. Rb1 Rc3 36. Rxb6 Rxc4 37. Rxb7 g6 38. d6 Rd4 39. Rb8+
Kg7 40. Rd8 Kf6 41. Kf3 Ke6 42. Re8+ 1/2-1/2

[Event "Xtracon Skakligaen"]
[Site "Denmark"]
[Date "2017.03.18"]
[Round "8.5"]
[White "Petersen, Flemming Petri"]
[Black "Olsen, Filip Boe"]
[Result "1/2-1/2"]
[WhiteElo "2083"]
[BlackElo "2241"]
[PlyCount "75"]
[EventDate "2016.10.29"]
[EventType "team-tourn"]
[EventRounds "9"]
[EventCountry "DEN"]
[WhiteTeam "K41 1"]
[BlackTeam "Nordre 1"]
[WhiteTeamCountry "DEN"]
[BlackTeamCountry "DEN"]

1. e4 c6 2. d4 d5 3. exd5 cxd5 4. Bd3 Nf6 5. Nf3 Bg4 6. c3 Nc6 7. Bf4 e6 8.
Nbd2 Bd6 9. Bxd6 Qxd6 10. Qb3 O-O 11. O-O Rab8 12. Rae1 Bh5 13. Ne5 Ne7 14. f4
Bg6 15. Nxg6 hxg6 16. Nf3 b5 17. a3 Rfc8 18. Ng5 Qb6 19. Rf3 a5 20. Qd1 b4 21.
axb4 axb4 22. Kh1 bxc3 23. bxc3 Qb2 24. Re2 Qb6 25. Qe1 Ra8 26. h3 Qa5 27. Kh2
Qa1 28. Rxe6 fxe6 29. Qxe6+ Kh8 30. Qxe7 Re8 31. Qf7 Re1 32. Qxg6 Rh1+ 33. Kg3
Qe1+ 34. Rf2 Ra2 35. Nf7+ Kg8 36. Nh6+ Kh8 37. Nf7+ Kg8 38. Nh6+ 1/2-1/2

[Event "Xtracon Skakligaen"]
[Site "Denmark"]
[Date "2017.03.18"]
[Round "8.6"]
[White "Hoiberg, Nina"]
[Black "Bauner, Jan"]
[Result "1-0"]
[WhiteElo "2218"]
[BlackElo "1972"]
[PlyCount "75"]
[EventDate "2016.10.29"]
[EventType "team-tourn"]
[EventRounds "9"]
[EventCountry "DEN"]
[WhiteTeam "Nordre 1"]
[BlackTeam "K41 1"]
[WhiteTeamCountry "DEN"]
[BlackTeamCountry "DEN"]

1. e4 c6 2. d4 d5 3. f3 g6 4. Nc3 h5 5. Be3 Bg7 6. Qd2 a5 7. Be2 a4 8. a3 dxe4
9. fxe4 e5 10. d5 Nf6 11. dxc6 Qxd2+ 12. Bxd2 bxc6 13. Nf3 Nbd7 14. O-O O-O 15.
Bg5 Nh7 16. Bh4 Ba6 17. Bxa6 Rxa6 18. Rad1 Nb6 19. b3 Re8 20. Bf2 axb3 21. cxb3
Nf8 22. a4 Ne6 23. Rd6 Nc8 24. Rd7 c5 25. Rfd1 Rb6 26. Nb5 Nd4 27. Bxd4 exd4
28. Nd2 Rc6 29. Nc7 Rf8 30. a5 Nd6 31. a6 d3 32. a7 Bd4+ 33. Kf1 Rxc7 34. Rxc7
Nb5 35. Rb7 Nxa7 36. Rxa7 c4 37. Ra4 c3 38. Rxd4 1-0

[Event "Xtracon Skakligaen"]
[Site "Denmark"]
[Date "2017.03.18"]
[Round "8.7"]
[White "Kokholm, Daniel"]
[Black "Christensen, Jan Schleicher"]
[Result "0-1"]
[WhiteElo "1870"]
[BlackElo "2179"]
[PlyCount "60"]
[EventDate "2016.10.29"]
[EventType "team-tourn"]
[EventRounds "9"]
[EventCountry "DEN"]
[WhiteTeam "K41 1"]
[BlackTeam "Nordre 1"]
[WhiteTeamCountry "DEN"]
[BlackTeamCountry "DEN"]

1. e4 e5 2. Bc4 Nf6 3. d3 Bc5 4. Nc3 c6 5. f4 d5 6. exd5 Ng4 7. Ne4 Bxg1 8.
Rxg1 cxd5 9. Bb5+ Kf8 10. Qd2 dxe4 11. Qb4+ Qe7 12. Qxe7+ Kxe7 13. h3 Nf6 14.
fxe5 Nfd7 15. d4 Nc6 16. c3 Nb6 17. a4 a6 18. Be2 Be6 19. a5 Nc4 20. b4 Na7 21.
Bxc4 Bxc4 22. Kd2 Rac8 23. Bb2 Rc6 24. g4 Rhc8 25. Rg3 Ke6 26. Rg2 Nb5 27. Rc1
Bd5 28. Rf2 Nxc3 29. Rxc3 Rxc3 30. Bxc3 e3+ 0-1

[Event "Xtracon Skakligaen"]
[Site "Denmark"]
[Date "2017.03.18"]
[Round "8.8"]
[White "Holst, Per"]
[Black "Stuhr, Peter Sebastian"]
[Result "1-0"]
[WhiteElo "2085"]
[BlackElo "1887"]
[PlyCount "57"]
[EventDate "2016.10.29"]
[EventType "team-tourn"]
[EventRounds "9"]
[EventCountry "DEN"]
[WhiteTeam "Nordre 1"]
[BlackTeam "K41 1"]
[WhiteTeamCountry "DEN"]
[BlackTeamCountry "DEN"]

1. d4 d6 2. c4 e5 3. Nf3 e4 4. Ng5 f5 5. g3 Be7 6. Nh3 Be6 7. Nc3 c6 8. d5 Bf7
9. Bg2 Nd7 10. O-O h5 11. f3 h4 12. g4 fxg4 13. fxg4 Ne5 14. g5 Nxc4 15. Bxe4
Bh5 16. Qd4 Ne5 17. Bf4 c5 18. Qe3 Ng6 19. Bf5 Qb6 20. Qe4 Nf8 21. Be3 Nd7 22.
Bg6+ Kd8 23. Bxh5 Rxh5 24. Qg6 Ngf6 25. gxf6 Nxf6 26. Nf4 Re5 27. Ne6+ Kd7 28.
Bf4 c4+ 29. Kh1 1-0

[Event "Xtracon Skakligaen"]
[Site "Denmark"]
[Date "2017.03.19"]
[Round "9.1"]
[White "Teplyi, Igor"]
[Black "Hillarp Persson, Tiger"]
[Result "1/2-1/2"]
[WhiteElo "2431"]
[BlackElo "2513"]
[PlyCount "73"]
[EventDate "2016.10.29"]
[EventType "team-tourn"]
[EventRounds "9"]
[EventCountry "DEN"]
[WhiteTeam "Nordre 1"]
[BlackTeam "Bronshoj 1"]
[WhiteTeamCountry "DEN"]
[BlackTeamCountry "DEN"]

1. Nf3 g6 2. d4 Nf6 3. c4 Bg7 4. Nc3 O-O 5. e4 d6 6. h3 e5 7. d5 a5 8. g4 Na6
9. Be3 Bd7 10. Be2 c6 11. Nd2 Nc5 12. h4 a4 13. g5 Ne8 14. a3 cxd5 15. cxd5 Nc7
16. h5 b5 17. Kf1 Rb8 18. Kg2 b4 19. axb4 Rxb4 20. Ra2 Qe7 21. Qg1 Rfb8 22.
hxg6 hxg6 23. Rh4 Rxb2 24. Ra1 Rxd2 25. Bxd2 Nb3 26. Be3 Nxa1 27. Qxa1 Qd8 28.
Rh1 Rb4 29. Qa3 Rb3 30. Qc1 Qb8 31. Bd1 Rb4 32. Qa3 Na6 33. Bxa4 Bxa4 34. Nxa4
Rxe4 35. Nb6 Nc5 36. Bxc5 dxc5 37. Qh3 1/2-1/2

[Event "Xtracon Skakligaen"]
[Site "Denmark"]
[Date "2017.03.19"]
[Round "9.2"]
[White "Carstensen, Jacob"]
[Black "Petersen, Tom Petri"]
[Result "1/2-1/2"]
[WhiteElo "2380"]
[BlackElo "2341"]
[PlyCount "21"]
[EventDate "2016.10.29"]
[EventType "team-tourn"]
[EventRounds "9"]
[EventCountry "DEN"]
[WhiteTeam "Bronshoj 1"]
[BlackTeam "Nordre 1"]
[WhiteTeamCountry "DEN"]
[BlackTeamCountry "DEN"]

1. d4 g6 2. c4 Bg7 3. e4 d6 4. Nc3 Nf6 5. Nf3 O-O 6. Be2 e5 7. Be3 h6 8. O-O
Ng4 9. Bc1 Nc6 10. d5 Ne7 11. Ne1 1/2-1/2

[Event "Xtracon Skakligaen"]
[Site "Denmark"]
[Date "2017.03.19"]
[Round "9.4"]
[White "Pilgaard, Kim"]
[Black "Sloth, Jorn"]
[Result "1/2-1/2"]
[WhiteElo "2384"]
[BlackElo "2300"]
[PlyCount "122"]
[EventDate "2016.10.29"]
[EventType "team-tourn"]
[EventRounds "9"]
[EventCountry "DEN"]
[WhiteTeam "Bronshoj 1"]
[BlackTeam "Nordre 1"]
[WhiteTeamCountry "DEN"]
[BlackTeamCountry "DEN"]

1. d4 e6 2. c4 Nf6 3. Nc3 Bb4 4. e3 b6 5. Nge2 Ne4 6. f3 Nxc3 7. bxc3 Bd6 8. e4
Ba6 9. Qa4 Qc8 10. Ng3 Nc6 11. Bd3 Na5 12. O-O O-O 13. e5 Be7 14. Qc2 Kh8 15.
Qe2 f5 16. exf6 gxf6 17. Re1 Rf7 18. Kh1 Qf8 19. Rb1 Re8 20. Nh5 Bd6 21. Bd2
Ree7 22. c5 Bxd3 23. Qxd3 bxc5 24. Rb5 c4 25. Qf1 Nc6 26. Qxc4 Re8 27. Reb1 Qg8
28. Qe2 Qg6 29. Nf4 Bxf4 30. Bxf4 d5 31. Re1 Rd7 32. Rc5 Nd8 33. Rxc7 Rxc7 34.
Bxc7 Nf7 35. Bf4 Qf5 36. Bg3 e5 37. Qb5 Qe6 38. dxe5 fxe5 39. f4 Nd6 40. Qa6
Ne4 41. Qxa7 Nxg3+ 42. hxg3 e4 43. Re3 Kg8 44. Kg1 Rc8 45. Qa5 Rb8 46. g4 Qd6
47. g3 d4 48. Qg5+ Kh8 49. cxd4 Qxd4 50. Qe5+ Qxe5 51. fxe5 Ra8 52. Rxe4 Rxa2
53. e6 Ra8 54. e7 Re8 55. Kf2 Kg7 56. Kf3 Kf6 57. Kf4 Rxe7 58. g5+ Kf7 59.
Rxe7+ Kxe7 60. Kg4 Ke6 61. Kh5 Kf5 1/2-1/2

[Event "Xtracon Skakligaen"]
[Site "Denmark"]
[Date "2017.03.19"]
[Round "9.5"]
[White "Olsen, Filip Boe"]
[Black "Palm, Nikolaj"]
[Result "1/2-1/2"]
[WhiteElo "2241"]
[BlackElo "2321"]
[PlyCount "22"]
[EventDate "2016.10.29"]
[EventType "team-tourn"]
[EventRounds "9"]
[EventCountry "DEN"]
[WhiteTeam "Nordre 1"]
[BlackTeam "Bronshoj 1"]
[WhiteTeamCountry "DEN"]
[BlackTeamCountry "DEN"]

1. d4 d5 2. c4 e6 3. Nc3 Nf6 4. cxd5 exd5 5. Bg5 Nbd7 6. e3 c6 7. Bd3 Be7 8.
Qc2 Nh5 9. Bxe7 Qxe7 10. O-O-O Nb6 11. Nf3 Be6 1/2-1/2

[Event "Xtracon Skakligaen"]
[Site "Denmark"]
[Date "2017.03.19"]
[Round "9.8"]
[White "Pedersen, Peter Brondt"]
[Black "Holst, Per"]
[Result "1/2-1/2"]
[WhiteElo "2157"]
[BlackElo "2085"]
[PlyCount "23"]
[EventDate "2016.10.29"]
[EventType "team-tourn"]
[EventRounds "9"]
[EventCountry "DEN"]
[WhiteTeam "Bronshoj 1"]
[BlackTeam "Nordre 1"]
[WhiteTeamCountry "DEN"]
[BlackTeamCountry "DEN"]

1. c4 c5 2. g3 g6 3. Bg2 Bg7 4. Nc3 Nc6 5. a3 e6 6. Rb1 a5 7. h4 h6 8. e4 Nge7
9. d3 d6 10. Nge2 Nd4 11. Nxd4 cxd4 12. Ne2 1/2-1/2

[Event "Xtracon Skakligaen"]
[Site "Denmark"]
[Date "2017.03.19"]
[Round "9.3"]
[White "Hansen, Lars"]
[Black "Bekker Jensen, Simon"]
[Result "0-1"]
[WhiteElo "2270"]
[BlackElo "2466"]
[PlyCount "92"]
[EventDate "2016.10.29"]
[EventType "team-tourn"]
[EventRounds "9"]
[EventCountry "DEN"]
[WhiteTeam "SK 68 1"]
[BlackTeam "Philidor 1"]
[WhiteTeamCountry "DEN"]
[BlackTeamCountry "DEN"]

1. e4 c5 2. Nc3 a6 3. g3 b5 4. Bg2 Bb7 5. f4 e6 6. d3 d5 7. f5 exf5 8. Nxd5
Bxd5 9. exd5 Bd6 10. Nf3 Ne7 11. O-O Nd7 12. c4 O-O 13. Nh4 g6 14. Bh6 Re8 15.
Qd2 bxc4 16. dxc4 f6 17. Nf3 Ne5 18. Rae1 Nc8 19. b3 Nb6 20. Re2 Nbd7 21. Rfe1
Qc7 22. Kh1 Re7 23. Ng1 Rae8 24. Nh3 g5 25. Nxg5 fxg5 26. Qxg5+ Ng6 27. Re6
Ndf8 28. Rxe7 Rxe7 29. Rf1 Rf7 30. Bh3 f4 31. gxf4 Bxf4 32. Qh5 Bxh6 33. Qxh6
Rxf1+ 34. Bxf1 Qf4 35. Qxf4 Nxf4 36. Kg1 Kf7 37. Kf2 Kf6 38. Ke3 Ke5 39. a3 a5
40. Kf3 Kf5 41. Ke3 Nd7 42. Kd2 Nf6 43. Kc2 Ne4 44. Bd3 Nxd3 45. Kxd3 Ke5 46.
Ke3 h5 0-1

[Event "Xtracon Skakligaen"]
[Site "Denmark"]
[Date "2017.03.19"]
[Round "9.4"]
[White "Mikkelsen, Nikolaj"]
[Black "Lindfeldt, Magnus"]
[Result "1/2-1/2"]
[WhiteElo "2463"]
[BlackElo "2266"]
[PlyCount "111"]
[EventDate "2016.10.29"]
[EventType "team-tourn"]
[EventRounds "9"]
[EventCountry "DEN"]
[WhiteTeam "Philidor 1"]
[BlackTeam "SK 68 1"]
[WhiteTeamCountry "DEN"]
[BlackTeamCountry "DEN"]

1. e4 e5 2. Nf3 Nc6 3. Bb5 a6 4. Ba4 Nf6 5. O-O Be7 6. d3 d6 7. c3 O-O 8. Re1
Nd7 9. Bc2 Bf6 10. Be3 g6 11. Nbd2 Bg7 12. d4 h6 13. dxe5 Ncxe5 14. h3 b6 15.
Nxe5 dxe5 16. Nc4 Qe7 17. Qe2 Bb7 18. Rad1 Rfd8 19. Bc1 Nc5 20. b4 Ne6 21. Ne3
Nf4 22. Qf1 Rxd1 23. Rxd1 Rd8 24. Rxd8+ Qxd8 25. g3 Ne6 26. h4 h5 27. Nc4 c5
28. a3 b5 29. Ne3 Kh7 30. Qe2 Bh6 31. Kf1 Qc8 32. Bd2 Bg7 33. Qd3 Nd4 34. cxd4
c4 35. Qe2 exd4 36. Nd5 Qh3+ 37. Kg1 d3 38. Bxd3 cxd3 39. Qxd3 Qg4 40. Kh2 Qd1
41. Qe3 f5 42. Bc3 Bxc3 43. Nxc3 Qf1 44. f3 fxe4 45. Nxe4 Bxe4 46. fxe4 Qb1 47.
e5 Qc2+ 48. Kg1 Qd1+ 49. Kf2 Qc2+ 50. Qe2 Qf5+ 51. Kg2 Qe6 52. Kg1 Kg7 53. Qe3
Kf7 54. Kf1 Qf5+ 55. Kg2 Ke6 56. Qb6+ 1/2-1/2

[Event "Xtracon Skakligaen"]
[Site "Denmark"]
[Date "2017.03.19"]
[Round "9.8"]
[White "Brorsen, Jacob Abildlund"]
[Black "Pedersen, Gunnar"]
[Result "1/2-1/2"]
[WhiteElo "2144"]
[BlackElo "2222"]
[PlyCount "109"]
[EventDate "2016.10.29"]
[EventType "team-tourn"]
[EventRounds "9"]
[EventCountry "DEN"]
[WhiteTeam "Philidor 1"]
[BlackTeam "SK 68 1"]
[WhiteTeamCountry "DEN"]
[BlackTeamCountry "DEN"]

1. d4 d5 2. c4 e6 3. Nf3 Nf6 4. g3 dxc4 5. Qa4+ Nbd7 6. Qxc4 a6 7. Bg2 b5 8.
Qc2 Bb7 9. O-O c5 10. dxc5 Bxc5 11. Nc3 Rc8 12. Qd3 O-O 13. Bf4 Qb6 14. h3 Rfd8
15. Qb1 b4 16. Na4 Qb5 17. Nxc5 Nxc5 18. Qe1 Na4 19. Rc1 Nxb2 20. Rxc8 Rxc8 21.
Nd4 Qb6 22. Bxb7 Qxb7 23. Qb1 Nc4 24. Bg5 Ne4 25. Nf3 h6 26. Bc1 Nc3 27. Qc2
Qd5 28. Bb2 Nxb2 29. Qxb2 Qxa2 30. Qxb4 Nxe2+ 31. Kh2 Qd5 32. Nh4 Nd4 33. Ng2
Qe4 34. Qa3 Qe2 35. Ne3 Nc2 36. Qb2 e5 37. Kg1 Nd4 38. Qb7 Rf8 39. Ra1 a5 40.
Qd5 Rb8 41. Qxa5 Rb2 42. Rf1 Kh7 43. Qd5 f6 44. Ng4 Nf3+ 45. Kg2 Ng5 46. Nh2
Rd2 47. Qb7 Ne4 48. Qc8 Rd3 49. Qf5+ g6 50. Qe6 Kg7 51. Qe7+ Kg8 52. Qe8+ Kg7
53. Qe7+ Kg8 54. Qe8+ Kg7 55. Qe7+ 1/2-1/2

[Event "Xtracon Skakligaen"]
[Site "Denmark"]
[Date "2017.03.19"]
[Round "9.3"]
[White "Pedersen, Nicolai Vesterbaek"]
[Black "Christensen, Bo Garner"]
[Result "1-0"]
[WhiteElo "2371"]
[BlackElo "2137"]
[PlyCount "53"]
[EventDate "2016.10.29"]
[EventType "team-tourn"]
[EventRounds "9"]
[EventCountry "DEN"]
[WhiteTeam "Team Nordea Skanderborg 1"]
[BlackTeam "K41 1"]
[WhiteTeamCountry "DEN"]
[BlackTeamCountry "DEN"]

1. d4 f5 2. Nc3 d5 3. Bg5 g6 4. e3 c6 5. h4 h6 6. Bf4 Nd7 7. Bd3 e6 8. g4 Ngf6
9. gxf5 exf5 10. Qf3 Qa5 11. Nge2 Ne4 12. Bxe4 dxe4 13. Qg3 Rg8 14. Bc7 Qb4 15.
O-O-O Nb6 16. a3 Qe7 17. d5 Bd7 18. Bxb6 axb6 19. Qc7 Qd8 20. Qxb7 c5 21. d6
Rg7 22. Nd5 Bxd6 23. Nf6+ Qxf6 24. Qxa8+ Ke7 25. Nc3 Qe6 26. Nd5+ Kf7 27. Nxb6
1-0

[Event "Xtracon Skakligaen"]
[Site "Denmark"]
[Date "2017.03.19"]
[Round "9.5"]
[White "Wheadon, Peter"]
[Black "Petersen, Flemming Petri"]
[Result "0-1"]
[WhiteElo "1844"]
[BlackElo "2083"]
[PlyCount "92"]
[EventDate "2016.10.29"]
[EventType "team-tourn"]
[EventRounds "9"]
[EventCountry "DEN"]
[WhiteTeam "Team Nordea Skanderborg 1"]
[BlackTeam "K41 1"]
[WhiteTeamCountry "DEN"]
[BlackTeamCountry "DEN"]

1. Nf3 Nf6 2. g3 d6 3. Bg2 e5 4. d3 c6 5. O-O Be7 6. e4 a6 7. b3 Bg4 8. h3 Be6
9. Bb2 h6 10. Nbd2 g5 11. d4 Qc8 12. dxe5 dxe5 13. Nxe5 Bxh3 14. Qe2 Bxg2 15.
Kxg2 Nbd7 16. Nxd7 Qxd7 17. e5 Qe6 18. Qc4 Nd5 19. Rae1 b5 20. Qe2 Rg8 21. Ne4
O-O-O 22. Rh1 Rg6 23. Qf3 Nb4 24. Nd6+ Bxd6 25. exd6 Qxd6 26. Qf5+ Qd7 27.
Qxd7+ Rxd7 28. Re2 Nd5 29. Rhe1 h5 30. Re8+ Rd8 31. Rxd8+ Kxd8 32. c4 bxc4 33.
bxc4 Nb6 34. Re4 Kd7 35. c5 f5 36. Rd4+ Nd5 37. Ra4 f4 38. Be5 fxg3 39. Kxg3
Nf6 40. f3 g4 41. Rxa6 h4+ 42. Kxh4 gxf3 43. Ra3 f2 44. Rf3 Ne4 45. Bd4 Rg2 46.
Kh3 Rg3+ 0-1